Countries of Africa in French - Map Quiz - Statistics

General Stats
  • This quiz has been taken 255 times
  • The average score is 29 of 54
Answers on the Map
Answers color-coded by a green-red scale on the quiz's map according to % correct below.
 
Answer Stats
Answer % Correct
Algérie
86%
Afrique du Sud
82%
Égypte
70%
Maroc
70%
Madagascar
68%
Soudan
61%
Togo
61%
Libye
59%
Mauritanie
59%
République Démocratique du Congo
59%
Soudan du Sud
59%
Côte D'Ivoire
58%
Érythrée
58%
Niger
58%
Mali
56%
Mozambique
56%
Cap-Vert
55%
Djibouti
55%
Éthiopie
55%
Gabon
55%
Lesotho
55%
Rwanda
55%
Sénégal
55%
Burkina-Faso
53%
Ghana
53%
Angola
52%
Eswatini
52%
Guinée-Équatoriale
52%
Sao-Tomé-et-Principe
52%
Somalie
52%
Tunisie
52%
Burundi
50%
Cameroun
50%
Congo
50%
Kenya
50%
République Centrafricaine
50%
Seychelles
50%
Tanzanie
50%
Zambie
50%
Zimbabwe
50%
Bénin
48%
Guinée-Bissao
48%
Tchád
48%
Gambie
47%
Namibie
47%
Comores
45%
Libéria
45%
Malawi
45%
Nigéria
45%
Botswana
44%
Guinée
44%
Ouganda
44%
Maurice
42%
Sierra Leone
41%
No matching quizzes found
Score Distribution
Percent of People with Each Score
Percentile by Number Answered
Your Score History
You have not taken this quiz